PHARMACEUTICAL TECHNOLOGY -|| (Record no. 7090)

MARC details
000 -LEADER
fixed length control field 00312nam a2200133Ia 4500
008 - FIXED-LENGTH DATA ELEMENTS--GENERAL INFORMATION
fixed length control field 150301s2015 xx 000 0 und d
082 ## - DEWEY DECIMAL CLASSIFICATION NUMBER
Classification number 615.1
Item number P12A
100 ## - MAIN ENTRY--PERSONAL NAME
Personal name AGARWAL, GAUNER
245 ## - TITLE STATEMENT
Title PHARMACEUTICAL TECHNOLOGY -||
260 ## - PUBLICATION, DISTRIBUTION, ETC. (IMPRINT)
Name of publisher, distributor, etc. CBS- DELHI
300 ## - PHYSICAL DESCRIPTION
Extent 305
650 ## - SUBJECT ADDED ENTRY--TOPICAL TERM
Topical term or geographic name as entry element PAHRMACETICS
942 ## - ADDED ENTRY ELEMENTS (KOHA)
Source of classification or shelving scheme Dewey Decimal Classification
Koha item type Books
Holdings
Withdrawn status Lost status Source of classification or shelving scheme Damaged status Not for loan Collection code Home library Current library Shelving location Date acquired Source of acquisition Cost, normal purchase price SGTU Bill Number Full call number Barcode Date last seen Bill Date Koha item type Total Checkouts Date last checked out
    Dewey Decimal Classification     PHARMACY SGT FA-FP Library SGT FA-FP Library Reference Book 02/07/2015 ABC DELHI 250.00 SGTU 492 615.1 P12A FP276 02/07/2015 24/11/2014 Books    
    Dewey Decimal Classification     PHARMACY SGT FA-FP Library SGT FA-FP Library   02/07/2015 ABC DELHI 250.00 SGTU 492 615.1 P12A FP277 30/11/2018 24/11/2014 Books 1 20/11/2018
    Dewey Decimal Classification     PHARMACY SGT FA-FP Library SGT FA-FP Library   02/07/2015 ABC DELHI 250.00 SGTU 492 615.1 P12A FP278 02/07/2015 24/11/2014 Books    
    Dewey Decimal Classification     PHARMACY SGT FA-FP Library SGT FA-FP Library   02/07/2015 ABC DELHI 250.00 SGTU 492 615.1 P12A FP279 17/09/2019 24/11/2014 Books 2 10/09/2019
    Dewey Decimal Classification     PHARMACY SGT FA-FP Library SGT FA-FP Library   02/07/2015 ABC DELHI 250.00 SGTU 492 615.1 P12A FP280 05/12/2019 24/11/2014 Books 1 19/11/2019
    Dewey Decimal Classification     PHARMACY SGT FA-FP Library SGT FA-FP Library   02/07/2015 ABC-DELHI 280.00 SGTU 5588 615.7 P12A FP1348 02/07/2015 04/04/2015 Books    
    Dewey Decimal Classification     PHARMACY SGT FA-FP Library SGT FA-FP Library   02/07/2015 ABC-DELHI 280.00 SGTU 5588 615.7 P12A FP1349 30/05/2022 04/04/2015 Books 2 27/11/2019
    Dewey Decimal Classification     PHARMACY SGT FA-FP Library SGT FA-FP Library   02/07/2015 ABC-DELHI 280.00 SGTU 5588 615.7 P12A FP1350 02/07/2015 04/04/2015 Books